00365nam a2200109Ia 4500100001600000942000700016245004000023260002900063546001200092999001700104952013400121 aMehta/V.G.  cBK aIncome tax ready reckoner 2010-2011 bShri Kuber Publ.aMumbai aENGLISH c35707d35707 001040708ITIaCRCEbCRCEd2023-03-17eNew Jigneshg510.00icash memo no.712l0o pITI1010r2023-03-17v510.00w0000-00-00yBK